Famous People Named Smith - Statistics

General Stats
  • This quiz has been taken 55 times
  • The average score is 10 of 24
Answer Stats
Life Hint Person % Correct
1968– He hit Chris Rock in the face. Will Smith
96%
1580–1631 Jamestown leader linked to Pocahontas John Smith
87%
1805–1844 Founder of Mormonism who claimed to translate golden plates Joseph Smith
62%
1723–1790 Scottish economist who wrote The Wealth of Nations Adam Smith
58%
1967–2007 Playboy model and reality TV star who married an oil tycoon Anna Nicole Smith
56%
1946– Punk singer-songwriter of “Because the Night” and Horses Patti Smith
56%
1934–2024 Professor McGonagall in the Harry Potter films Maggie Smith
52%
1970– Clerks director who plays Silent Bob Kevin Smith
46%
1959– Cure frontman with smeared lipstick look Robert Smith
46%
1992– Singer of “Stay With Me” Sam Smith
42%
1969– NFL rushing leader and Dallas Cowboys legend Emmitt Smith
37%
1998– The Karate Kid and After Earth actor Jaden Smith
35%
1982– Eleventh Doctor in Doctor Who Matt Smith
35%
Fictional Rick Sanchez’s anxious grandson Morty Smith
35%
Fictional Villain who replicates himself in The Matrix Agent Smith
31%
1961– Red Hot Chili Peppers drummer who resembles Will Ferrell Chad Smith
31%
1954– Cardinals shortstop known as “the Wizard of Oz” Ozzie Smith
31%
1984– NFL quarterback who returned after a severe leg injury Alex Smith
27%
1894–1937 Jazz Age singer known as the “Empress of the Blues” Bessie Smith
27%
1945– One of the original Charlie’s Angels, Kelly Garrett Jaclyn Smith
27%
1961– Tears for Fears singer and cofounder Curt Smith
19%
1969–2003 Indie songwriter of “Miss Misery” and "Needle in the Hay" Elliott Smith
19%
1850–1912 Captain of the RMS Titanic Edward Smith
17%
1971– Matrix Reloaded and Menace II Society actress Jada Pinkett Smith
13%
No matching quizzes found
Score Distribution
Percent of People with Each Score
Percentile by Number Answered
Your Score History
You have not taken this quiz